00638nam a2200205 i 4500003000900000005001700009007000300026008004100029020001800070040003000088041000800118082001900126100003500145245004200180264009200222300002900314336002700343337003400370338002800404DO-SdBNP20260422112320.0ta260422b2021 dr ||||| |||| 00| 0 spa d a9789945930405 aDO-SdBNPbspacBNPHUerda aspa 4axxxbC389r2221 aCedano, Mario J. eautor4aut.10aRazones para amar /cMario J. Cedano. aSanto Domingo, República Dominicana : bTalleres Gráficos de Editora Roca, c2021. a165 páginas ;c23 cm.  atextobtxt2rdacontent asin mediación bn2rdamedia avolumenbnc2rdacarrier